Statistiques concernant Culture Générale - Série 1077

Cliquez ici pour prendre le quiz!

Statistiques générales

  • Ce quiz a été pris 92 fois
  • Le résultat moyen est 7 sur 10

Statistiques - réponses

QuestionRéponse% Correct
Comment appelle-t-on l'alphabet conventionnel en relief, à l'usage des non-voyants ?braille
98%
Dans quel sport peut-on recevoir un direct, un swing ou un uppercut ?boxe
94%
Aux pattes de quel insecte compare-t-on une écriture très petite, irrégulière et peu lisible ?mouche
94%
Sur quel continent se trouvent la plupart des P.M.A., les pays les moins avancés ?Afrique
93%
Quelle est la capitale du Brésil ?Brasilia
90%
Quel adjectif s'opposant à blême définit une variété d'oranges à la chair rouge ?sanguine
87%
Que signifie la lettre "p" dans l'abréviation "p.m." que les Anglais utilisent pour indiquer l'heure ?post
80%
Quel crustacé d'eau douce élève-t-on en astaciculture ?écrevisse
47%
Dans les films "Men in Black", qui interprète l'agent K. aux côtés de Will Smith ?Tommy Lee Jones
34%
Quelles pâtes alimentaires italiennes sont farcies d'un hachis d'herbes ou de viande et façonnées en petites couronnes ?tortellinis
12%

Distribution des résultats

Percentile par nombre de réponses

% des personnes avec chaque résultat

Votre développement - résultats

Vous n’avez pas pris ce quiz